00709nam 2200181 45000010005000000110014000050900009000191000041000281010008000692000152000772100067002292150022002966060023003186060023003417100060003648010020004249950083004445952 a0183-2662 a5952 a20190729k u||y0frey50 ba afre aAmour et famillebBrochureefiches documentairesfdu Centre de Liaison des Equipes de Recherche (CLER)h132-133iLes méthodes d'auto-observations aPariscCentre de Liaison des Equipes de Recherche (CLER)d1982 a78 p.cilld21 cm 9616aGynécologie 9619aContraception 96785aCentre de Liaison des Equipes de Recherche (CLER) aCHbCH-002049-8 10203052026-03-2696907bARCHICcARCHICeBrochuresf7797hMLFkBroch 2684o1